History Quiz

Random History or Century Quiz

Wars by Century Quiz Stats

 Plays Quiz Updated Jul 7, 2020

Support Sporcle.
Go Orange.
Score 0/20 Timer 05:00
2 Plays Today
Question Answer Wrong Answers
World War II 20th Century
93.3%
19th Century
1.1%
18th Century
0.2%
17th Century
0.1%
Vietnam War 20th Century
92.8%
19th Century
1.2%
18th Century
0.4%
17th Century
0.2%
World War I 20th Century
92.4%
19th Century
1.9%
18th Century
0.4%
17th Century
0.2%
American Revolution 18th Century
83.4%
20th Century
1.1%
19th Century
5.9%
17th Century
4.4%
American Civil War 19th Century
81.5%
20th Century
1.6%
18th Century
9.9%
17th Century
1.7%
English Civil War 17th Century
80.7%
20th Century
1.3%
19th Century
3.6%
18th Century
9%
Mexican-American War 19th Century
79.7%
20th Century
5%
18th Century
8%
17th Century
1.8%
Six-Day War 20th Century
71.8%
19th Century
8.1%
18th Century
7.7%
17th Century
6.8%
Napoleonic Wars 19th Century
70.5%
20th Century
0.9%
18th Century
16.7%
17th Century
6.6%
Crimean War 19th Century
69.3%
20th Century
14.4%
18th Century
7%
17th Century
3.8%
Thirty Years' War 17th Century
59.9%
20th Century
2.9%
19th Century
9.6%
18th Century
22.1%
Russo-Japanese War 20th Century
56.2%
19th Century
29.9%
18th Century
5.9%
17th Century
2.6%
Seven Years' War 18th Century
54.1%
20th Century
6.7%
19th Century
12.1%
17th Century
21.7%
Dutch-Portuguese War 17th Century
49.7%
20th Century
2.2%
19th Century
13.4%
18th Century
28.8%
Queen Anne's War 18th Century
46.1%
20th Century
1.4%
19th Century
8.5%
17th Century
38.3%
Greek War of Independence 19th Century
44.4%
20th Century
27%
18th Century
10.1%
17th Century
13.3%
War of the Quadruple Alliance 18th Century
43.3%
20th Century
7.6%
19th Century
25%
17th Century
18.5%
Great Northern War 18th Century
38.7%
20th Century
7.2%
19th Century
22%
17th Century
26.1%
Nine Years' War 17th Century
38%
20th Century
7%
19th Century
16.6%
18th Century
32.6%
Franco-Spanish War 17th Century
23.1%
20th Century
12.5%
19th Century
29.1%
18th Century
29.7%

From the Vault

Human Bones

by Matt

Science 8m
The strongest bone in your body is hollow... that doesn't help you with this quiz, but it is interesting.
Remove Ads.
Support Sporcle.
Get the best of Sporcle when you Go Orange. This ad-free experience offers more features, more stats, and more fun while also helping to support Sporcle. Thank you for becoming a member.

Show Comments

Extras

Top Quizzes Today


Score Distribution

Your Account Isn't Verified!

In order to create a playlist on Sporcle, you need to verify the email address you used during registration. Go to your Sporcle Settings to finish the process.

Report this User

Report this user for behavior that violates our Community Guidelines.

Details: